01020nam a22002537a 450000500170000000800410001702000150005802000180007304000570009104100080014806000100015610000250016624501050019126000530029630000400034949000520038950400530044165000400049465000520053465000180058670000260060470000220063085601140065220180622105853.0131003s2006 ne a frn 001 0 eng  a0121860310 a9780121860318 aCO-BoUCMcAngélica RojasdAldemar Mondragónbspa00aeng aQT 361 aDunn, Stanley Martin10aNumerical methods in biomedical engineeringcStanley M. Dunn, Alkis Constantinides, Prabhas V. Moghe aAmsterdamaBostonbElsevier Academic Pressc2006 axviii, 615 páginasbilustraciones 0aAcademic Press Series in Biomedical Engineering aIncluye referencias bibliográficas e índices 2aIngeniería biomédicaxMétodos 2aIngeniería biomédicaxModelos matemáticos 2aMatemáticas1 aConstantinides, Alkis1 aMoghe, Prabhas V.413Consulte las tablas de contenido haciendo clic aquíuhttp://www.loc.gov/catdir/toc/ecip0516/2005020031.html